书目信息 |
| 题名: |
我想平静地生活
|
|
| 作者: | 田口蓝迪 著 ;李建云 译 | |
| 分册: | ||
| 出版信息: | 桂林 漓江出版社 2004 |
|
| 页数: | 282页 | |
| 开本: | 21cm | |
| 丛书名: | 田口蓝迪精品集 | |
| 单 册: | ||
| 中图分类: | I313.65 | |
| 科图分类: | ||
| 主题词: | 随笔--日本--现代 | |
| 电子资源: | ||
| ISBN: | 7-5407-3164-8 | |
| 000 | 00857oam2 2200253 45 | |
| 001 | 002659426 | |
| 005 | 20050428145407.3 | |
| 010 | @a7-5407-3164-8@dCNY18.00 | |
| 100 | @a20040608d2004 em y0chiy0110 ea | |
| 101 | 1 | @achi@cjpn |
| 102 | @aCN@b450000 | |
| 105 | @aa z 000cy | |
| 200 | 1 | @a我想平静地生活@Awo xiang ping jing di sheng huo@f(日)田口蓝迪著@F(Ri)Tian Kou Lan Di Zhu@g李建云译 |
| 210 | @a桂林@c漓江出版社@d2004 | |
| 215 | @a282页@c图@d21cm | |
| 225 | 2 | @a田口蓝迪精品集 |
| 330 | @a该书描绘了作者成长的环境,在一个缺少爱的家庭中的少女酷爱上了文学,为追求自主而离家出走,在颠沛流离中感触满怀。 | |
| 410 | @1001002452327@1@12001 @a田口蓝迪精品集 | |
| 606 | 0 | @a随笔@y日本@z现代 |
| 690 | @aI313.65@v4 | |
| 701 | 0 | @a田口蓝迪@4著 |
| 702 | 0 | @a李建云@Ali jian yun@4译 |
| 801 | 0 | @aCN@bNLC@c20040728 |
| 905 | @f2@b352190-191@dI313.65@e181 | |
| 我想平静地生活/(日)田口蓝迪著/李建云译.-桂林:漓江出版社,2004 |
| 282页:图;21cm.-(田口蓝迪精品集) |
| ISBN 7-5407-3164-8:CNY18.00 |
| 该书描绘了作者成长的环境,在一个缺少爱的家庭中的少女酷爱上了文学,为追求自主而离家出走,在颠沛流离中感触满怀。 |
| ● |
| 相关链接 |
|
|
|
|
正题名:我想平静地生活
索取号:I313.65/181
 
预约/预借
| 序号 | 登录号 | 条形码 | 馆藏地/架位号 | 状态 | 备注 |
| 1 | 0352190 | 3521905 | 第一样本阅览室/ [索取号:I313.65/181] | 在馆 | |
| 2 | 0352191 | 3521914 | 第二借阅区/ [索取号:I313.65/181] | 在馆 | |
| 3 | 0352405 | 3524056 | 第二借阅区/ [索取号:I313.65/181] | 在馆 | |
| 4 | 0352406 | 3524065 | 第二借阅区/ [索取号:I313.65/181] | 在馆 | |
| 5 | 0352407 | 3524074 | 第二借阅区/ [索取号:I313.65/181] | 在馆 | |
| 6 | 0352408 | 3524083 | 第二借阅区/ [索取号:I313.65/181] | 在馆 | |
| 7 | 0352409 | 3524092 | 第二借阅区/ [索取号:I313.65/181] | 在馆 | |
| 8 | 0352410 | 3524109 | 第二借阅区/ [索取号:I313.65/181] | 在馆 |